Chai, Chai : (Record no. 41199)

MARC details
000 -LEADER
fixed length control field 00777nam a22002057a 4500
005 - DATE AND TIME OF LATEST TRANSACTION
control field 20100811164538.0
010 ## - LCCN (DPL NO)
LC control number ENG-99804
020 ## - INTERNATIONAL STANDARD BOOK NUMBER
International Standard Book Number 9789380032863
Terms of availability 250.00
035 ## - SYSTEM CONTROL NUMBER
System control number EN-83336
037 ## - SOURCE OF ACQUISITION
Source of stock number/acquisition DBAD/PUB
082 ## - DEWEY DECIMAL CLASSIFICATION NUMBER
Classification number 808.883
100 ## - MAIN ENTRY--PERSONAL NAME
Personal name Ghosh, Bishwanath
245 ## - TITLE STATEMENT
Title Chai, Chai :
Remainder of title travels in places where you stop but never get off /
Statement of responsibility, etc by Bishwanath Ghosh
260 ## - PUBLICATION, DISTRIBUTION, ETC. (IMPRINT)
Place of publication, distribution, etc Chennai
Name of publisher, distributor, etc Tranquebar Press
Date of publication, distribution, etc 2009
270 ## - ADDRESS
City Chennai
Address 571, Poonamallee High Road, Kamaraj Bhavan, Aminjikarai
Postal code 600029
300 ## - PHYSICAL DESCRIPTION
Extent 214p.
Dimensions 22cm (pbk)
650 ## - SUBJECT ADDED ENTRY--TOPICAL TERM
Topical term or geographic name as entry element Travelogve
942 ## - ADDED ENTRY ELEMENTS (KOHA)
Source of classification or shelving scheme Dewey Decimal Classification
Item type English Books
Classification part 808.883
Call number suffix GHO
Holdings
Withdrawn status Lost status Not for loan Collection code Home library Current library Date acquired Source of acquisition Cost, normal purchase price Full call number Barcode Copy number Cost, replacement price Koha item type
    Not For Loan Non-fiction D.B.Act.Division D.B.Act.Division 11/08/2010 DBAD/PUB 250.00 808.883 GHO EN-83336 1 250.00 English Books

© Delhi Public Library
Hit Counter
free hit counter